| 000 | 01138cam a2200313 a 4500 | ||
|---|---|---|---|
| 001 | 15365975 | ||
| 005 | 20250628181759.0 | ||
| 008 | 080714s2007 enk b 001 0 eng d | ||
| 010 | _a 2008428306 | ||
| 020 | _a9781843116318 | ||
| 020 | _a1843116316 | ||
| 035 | _a(OCoLC)ocn193794933 | ||
| 040 |
_aLRL _cLRL _dBAKER _dYDXCP _dDLC |
||
| 042 | _alccopycat | ||
| 050 | 0 | 0 |
_aKD1697 _b.T63 2007 |
| 082 |
_a343.09672 _bTOD |
||
| 100 | 1 |
_aTodd, Paul, _d1954- |
|
| 245 | 1 | 0 |
_aBills of lading and bankers' documentary credits / _cby Paul Todd. |
| 250 | _a4th ed. | ||
| 260 |
_aLondon : _bInforma, _c2007. |
||
| 300 |
_axxvi, 335 p. ; _c25 cm. |
||
| 504 | _aIncludes bibliographical references and index. | ||
| 650 | 0 |
_aDocumentary credit _xLaw and legislation _zGreat Britain. _9129280 |
|
| 650 | 0 |
_aBills of lading _zGreat Britain. _920029 |
|
| 856 | 4 | 2 |
_3Contributor biographical information _uhttp://www.loc.gov/catdir/enhancements/fy1307/2008428306-b.html |
| 906 |
_a7 _bcbc _ccopycat _d2 _encip _f20 _gy-gencatlg |
||
| 942 |
_2ddc _cBK |
||
| 999 |
_c613984 _d613984 |
||